| 000 | 00636nam a2200157 a 4500 | ||
|---|---|---|---|
| 008 | 211130s2012 ||||||||||||||||| || u | ||
| 020 | _a9781349321131 | ||
| 050 | _aHF 5549 Les | ||
| 100 | _aMoss, Gloria | ||
| 245 | 1 | 0 |
_aLessons on profiting from diversity _cEdited by Gloria Moss |
| 260 |
_aUnited Kingdom _bPalgrave Macmillan _c2012 |
||
| 300 | _axiv,278 pages :illustrations | ||
| 650 | _aDIVERSITY IN THE WORKPLACE--ECONOMIC ASPECTS | ||
| 650 | _aWOMEN--EMPLOYMENT | ||
| 995 |
_FCBU-MAIN LIBRARY (Kitwe) _I119.77 _M1 _UAVAILABLE _WNov 30, 2021 _ZMain Library Open Access Collection |
||
| 999 |
_c49124 _d49124 |
||